Cities Ending in "Polis" Quiz - Statistics

General Stats
  • This quiz has been taken 739 times
  • The average score is 6 of 16
Answer Stats
Description City % Correct
Where George Floyd was killed by the police in 2020 – sparking nationwide riots Minneapolis
84%
Nicknamed "Crossroads of America" for being a major junction for transportation Indianapolis
82%
Either Gaddafi's seat of power or Lebanon's second-largest city Tripoli
65%
Headquarters of the U.S. Naval Academy Annapolis
64%
City in Illinois that gets attention for having the namesake of Superman's setting Metropolis
56%
Headquarters of the Russian Black Sea Fleet Sevastopol
53%
Greek town or the term for a supercity as in its size Megalopolis
36%
First Ukrainian city to be sieged by the Russian forces in 2022 Mariupol
34%
Capital of the breakaway state of Transnistria inside Moldova Tiraspol
32%
Ancient capital of the Achaemenid Empire Persepolis
29%
Capital of Santa Catarina, Brazil Florianópolis
28%
Ancient Egyptian city of "sun" in Greater Cairo whose obelisk is the oldest in the world Heliopolis
20%
The administrative center of the Republic of Crimea Simferopol
20%
Largest city in the Greek part of the Thrace region Alexandroupolis
14%
Center and namesake of a Russian "Krai" in North Caucasus Stavropol
14%
City of 50,000 that is home to the North Carolina Research Campus Kannapolis
10%
No matching quizzes found
Score Distribution
Percent of People with Each Score
Percentile by Number Answered
Your Score History
You have not taken this quiz